Empleo y desarrollo de personal (Registro nro. 2369)

Detalles MARC
000 -LEADER
fixed length control field 00985 a2200217 4500
001 - CONTROL NUMBER
control field 33573
005 - DATE AND TIME OF LATEST TRANSACTION
control field 20260407155627.0
008 - FIXED-LENGTH DATA ELEMENTS--GENERAL INFORMATION
fixed length control field 260407a1978 arg spa d
003 - CONTROL NUMBER IDENTIFIER
control field AR-UNSa-BCEJYS
040 ## - CATALOGING SOURCE
Original cataloging agency AR-UNSa-BCEJYS
Language of cataloging spa
Transcribing agency AR-UNSa-BCEJYS
080 ## - UNIVERSAL DECIMAL CLASSIFICATION NUMBER
Universal Decimal Classification number 658.310.8
Common auxiliary subdivision Gestión y administración de personal
041 ## - LANGUAGE CODE
Language code of text/sound track or separate title spa
100 1# - MAIN ENTRY--PERSONAL NAME
Personal name Maristany, Jaime
245 10 - TITLE STATEMENT
Title Empleo y desarrollo de personal
250 ## - EDITION STATEMENT
Edition statement 3a. ed.
264 #1 - PRODUCTION, PUBLICATION, DISTRIBUTION, MANUFACTURE, AND COPYRIGHT NOTICE
Place of production, publication, distribution, manufacture Buenos Aires :
Name of producer, publisher, distributor, manufacturer Layetana Ediciones
Date of production, publication, distribution, manufacture, or copyright notice 1978
300 ## - PHYSICAL DESCRIPTION
Extent 277 p.
Dimensions 22 cm.
505 ## - FORMATTED CONTENTS NOTE
Formatted contents note Parte I. Empleos: 1. Introducción - 2. Iniciación del proceso - 3. Medios de contacto - 4. Medios de selección - 5. Errores, elección e ingreso - 6. "Empleos" em la empresa -- Parte II. Evaluación de desempeño: 1. Introducción - 2. Instrumentación del sistema -- Parte III. Planeamiento de carrera: 1. Introducción - 2. Técnicas del planeamiento - 3. Dinámica del planeamiento
590 ## - LOCAL NOTE (RLIN)
Local note niveau_biblio:m niveau_hierar:0
942 ## - ADDED ENTRY ELEMENTS (KOHA)
Koha item type
Existencias
Withdrawn status Lost status Damaged status Not for loan Home library Current library Shelving location Date acquired Total checkouts Full call number Barcode Date last seen Price effective from Koha item type
        Biblioteca Prof. Eusebio Cleto del Rey Biblioteca Prof. Eusebio Cleto del Rey   07/04/2026   658.310.8 M332 3ed. L44036 07/04/2026 07/04/2026 Libro
        Biblioteca Prof. Eusebio Cleto del Rey Biblioteca Prof. Eusebio Cleto del Rey   07/04/2026   658.310.8 M332 3ed. L44037 07/04/2026 07/04/2026 Libro
        Biblioteca Prof. Eusebio Cleto del Rey Biblioteca Prof. Eusebio Cleto del Rey   07/04/2026   658.310.8 M332 3ed. L44039 07/04/2026 07/04/2026 Libro
        Biblioteca Prof. Eusebio Cleto del Rey Biblioteca Prof. Eusebio Cleto del Rey   07/04/2026   658.310.8 M332 3ed. L44040 07/04/2026 07/04/2026 Libro